| 000 | 00793nam a2200265 i 4500 | ||
|---|---|---|---|
| 001 | 3199711 | ||
| 003 | ARRUPE | ||
| 005 | 20160404113258.0 | ||
| 008 | 771122s1977 enka b 000 0 eng | ||
| 010 | _a 77375276 | ||
| 015 | _aGB*** | ||
| 020 |
_a0413453707 : _c£4.95. _a0413453804 |
||
| 040 |
_aDLC _cDLC _dDLC |
||
| 050 | 0 | 0 | _aPN2071.I5B255 |
| 082 | 0 | 0 | _a792/.028 |
| 100 | 1 |
_aBarker, Clive, _d1931- _923504 |
|
| 245 | 1 | 0 |
_aTheatre games : _ba new approach to drama training / _cClive Barker. |
| 260 |
_aLondon : _bEyre Methuen, _c1977. |
||
| 300 |
_axi, 226 p. : _bill. ; _c21 cm. |
||
| 504 | _aBibliography: p. [225]-226. | ||
| 650 | 0 |
_aActing. _923241 |
|
| 650 | 0 |
_aImprovisation (Acting) _923505 |
|
| 906 |
_a7 _bcbc _corignew _d3 _encip _f19 _gy-gencatlg |
||
| 942 |
_2lcc _cMONOGRAPH |
||
| 999 |
_c124521 _d124521 |
||